Statystyki dla Największe państwa z kolorem czarnym na fladze.

Kliknij tutaj aby rozwiązać quiz!

Ogólne statystyki

  • Ten quiz został rozwiązany 14 razy
  • Średni wynik to 8 z 15

Statystyki odpowiedzi

PowierzchniaOdpowiedź% Poprawnych
1,001,450Egipt
89%
1,759,540Libia
67%
1,964,375Meksyk
67%
1,861,484Sudan
67%
652,230Afganistan
56%
580,367Kenia
56%
1,219,090Republika Południowej Afryki
56%
1,246,700Angola
44%
527,968Jemen
44%
799,380Mozambik
44%
644,329Sudan Południowy
44%
947,300Tanzania
44%
912,050Wenezuela
44%
752,618Zambia
33%
581,730Botswana
11%

Rozkład punktacji

Percentyl według liczby udzielonych odpowiedzi

Procent ludzi z każdym wynikiem

Twoja historia wyników

Nie rozwiązałeś tego quizu